Evaluating the income loss associated with the african swine fever outbreak in brgy. lower marber matanao davao del sur : (Record no. 20463)
[ view plain ]
| 000 -LEADER | |
|---|---|
| fixed length control field | 01932nam a22001817a 4500 |
| 005 - DATE AND TIME OF LATEST TRANSACTION | |
| control field | 20250821131435.0 |
| 008 - FIXED-LENGTH DATA ELEMENTS--GENERAL INFORMATION | |
| fixed length control field | 240815b ||||| |||| 00| 0 eng d |
| 082 ## - DEWEY DECIMAL CLASSIFICATION NUMBER | |
| Edition number | 2023 |
| Classification number | UT |
| 100 ## - MAIN ENTRY--PERSONAL NAME | |
| Personal name | Estrera, Nelda. |
| 9 (RLIN) | 57778 |
| 245 ## - TITLE STATEMENT | |
| Title | Evaluating the income loss associated with the african swine fever outbreak in brgy. lower marber matanao davao del sur : |
| Remainder of title | an assessment / |
| Statement of responsibility, etc. | Nelda Estrera, Miraflor V. Macion, and Charisse Joy D. Ruelan |
| 260 ## - PUBLICATION, DISTRIBUTION, ETC. (IMPRINT) | |
| Place of publication, distribution, etc. | Digos City : |
| Name of publisher, distributor, etc. | UMDC, |
| Date of publication, distribution, etc. | October 2023. |
| 300 ## - PHYSICAL DESCRIPTION | |
| Extent | viii, 120 pages : |
| Dimensions | 30 cm. |
| 520 ## - SUMMARY, ETC. | |
| Summary, etc. | The outbreak of African Swine Fever (ASF) inflicted severe economic impacts on hog raisers, resulting in substantial livestock mortality, diminished income, and even the closure of farms. This study aimed to understand the economic impacts of the African Swine Fever (ASF) outbreak in Brgy. Lower Marber, Matanao, Davao del Sur, with a focus on income loss among hog raisers and multifaceted challenges faced by the affected hog raisers. An In-depth Interview (IDI) involving 10 participants was conducted to elicit responses regarding the impact of the African Swine Fever Outbreak on local hog raisers. Additionally, a phenomenology model was used to interview affected farmers and business owners to learn about their experiences and perceptions of the outbreak, how they have been handling the loss of income, and the crisis management techniques they have been employing. The analysis identified three themes, Direct Economic Losses among pig farmers, the Critical role of Prevention, Control, and Regulatory Compliance during the ASF crisis, and Compensation Schemes for farmers with ASF Losses, that specify a comprehensive understanding of the multifaceted challenges faced by hog raisers in Brgy. Lower Marber during ASF. |
| 650 ## - SUBJECT ADDED ENTRY--TOPICAL TERM | |
| Topical term or geographic name as entry element | Accountancy. |
| General subdivision | Undergraduate Thesis. |
| 9 (RLIN) | 38663 |
| 700 ## - ADDED ENTRY--PERSONAL NAME | |
| Personal name | Macion, Miraflor V. |
| 9 (RLIN) | 57779 |
| 700 ## - ADDED ENTRY--PERSONAL NAME | |
| Personal name | Ruelan, Charisse Joy D. |
| 9 (RLIN) | 57780 |
| 942 ## - ADDED ENTRY ELEMENTS (KOHA) | |
| Source of classification or shelving scheme | Dewey Decimal Classification |
| Koha item type | Undergraduate Thesis |
| Withdrawn status | Lost status | Source of classification or shelving scheme | Damaged status | Not for loan | Collection code | Home library | Current library | Date acquired | Total Checkouts | Full call number | Date last seen | Price effective from | Koha item type |
|---|---|---|---|---|---|---|---|---|---|---|---|---|---|
| Dewey Decimal Classification | Undergraduate Theses | UM Digos College - LIC | UM Digos College - LIC | 05/10/2024 | UT | 08/15/2024 | 08/15/2024 | Undergraduate Thesis |
